01567nam a22003017a 45000010005000000030006000050050017000110080041000280200018000690400029000870500018001160820012001341000030001462450094001762500041002702600032003113000045003435050007003885200591003955210018009865210018010046500021010226500026010437000035010699420015011049990015011199520131011348230FISKH20250904102338.0250904b cb ||||| |||| 00| 0 eng d a9780070579279 aFISKHbengcFISKHdFISKH a QH541.T8 S48 a577.586 aM.Silver, Donaldd(1947-) aOne small square :bArctic Tundra /cBy Donald M.Silver ; illustrated by Patricia J.Wynne aThis edition first published in 1994 aNew York :bLearning,c1994 a48 pages :bcolor illustrations ;c23 cm aW  aIt's a land of riddles, where a winter night can last for weeks and where the ground is full of water though it rarely rains or snows. Bears, hares, wolves, and foxes roam the ice-crusted earth, as flowers follow the sun as it moves across the sky. Young readers may never come to the Arctic tundra, but now it can come to them--in a book chock full of fun-to-do experiments and activities for children ages 6 and up that help them to solve some of the mysteries of this strange and forbidding world. Arctic Tundra includes a picture field guide, a glossary-index, and a resource list. 8 a830 bLexile 8 aW bRaz-Plus  2ArcticaHabitats 2Nature studyaScience aJ.Wynne, Patriciadillustrator 2ddccBKn0 c8230d8230 00102ddc40708FICa002b002cSBSd2025-09-04l0oSIL 577.586 QH541.T8 S48pFIS03359r2025-09-04 10:23:36t1w2025-09-04yBK